000 00497nam a2200205Ia 4500
003 OSt
005 20230511114243.0
008 210423s1982 xx 000 0 und d
020 _a003059961X
040 _cAL
082 _a574
_223
_bARMK
100 _aARMS (Karen);CAMP (Pamela S)
_9102788
245 _aBiology
250 _a2
260 _aPhiladelphia
_bSaunders College Publishing
_c1982
300 _axxxii,942
650 _aBiology
_9102789
906 _aBiology
942 _2ddc
_cBK
999 _c164178
_d164178